Medida de la resistividad de la sal
Đã lưu trong:
| Tác giả chính: | |
|---|---|
| Tác giả khác: | |
| Định dạng: | Sách |
| Được phát hành: |
[San José , Costa Rica]
1973
|
| Các nhãn: |
Thêm thẻ
Không có thẻ, Là người đầu tiên thẻ bản ghi này!
|
MARC
| LEADER | 00000nam a2200000Ia 4500 | ||
|---|---|---|---|
| 003 | PIE046 | ||
| 005 | 20231114154143.0 | ||
| 008 | 140116s1973 c a m 000 ||s d | ||
| 040 | |c cru CEDI | ||
| 090 | |a PIE-46 | ||
| 100 | |a Doryan Garrón, Eduardo |9 17650 | ||
| 245 | |a Medida de la resistividad de la sal | ||
| 260 | |a [San José , Costa Rica] |c 1973 | ||
| 300 | |a 51 hojas ;ilustraciones | ||
| 500 | |a A la Cabeza de la portada. Universidad de Costa Rica. Facultad de Ingeniería. Departamento de Ingeniería Eléctrica. Proyecto Eléctrico | ||
| 501 | |a Profesor Guía: Ing. Saul Ruiz | ||
| 700 | |a Ruiz B, Saúl |d Director de Proyecto Eléctrico |9 1751 | ||
| 942 | |c PIE |h PIE-46 |i PIE046 |6 PIE_46_PIE046 | ||
| 999 | |c 13425 |d 13425 | ||
